01440nam a22002657a 45000010005000000030006000050050017000110080041000280200018000690400029000870500018001160820014001341000020001482450078001682600037002463000049002834900026003325050008003585200681003665210021010475210020010686500028010886500031011166500027011477740FISKH20250801151835.0250801b cb ||||| |||| 00| 0 eng d a9781338065008 aFISKHbengcFISKHdFISKH aQB460.T97 V46 a523.01092 aVentura , Marne aAstrophysicist and space advocate Neil Degrasse Tyson /cBy Marne Ventura aNew York : bScholastic ,c2014. a32 pages : bcolor illustrations ;c23 cm .  aSTEM trailblazer BIOS aR  aHave you ever stared into the night sky, full of stars and planets? As a kid, Neil deGrasse Tyson was star-struck when he first visited a planetarium. The universe was calling him. Tyson pursued his interest in astronomy and studied to be an astrophysicist. In 1996, he became the director of New York's Hayden Planetarium. He is passionate about teaching people about the universe. Known for making science fun and easy to understand, he has hosted and appeared on TV shows such as Nova ScienceNow and The Daily Show with Jon Stewart. He even has more than one million Twitter followers! But how did he get there? Follow his path from fascinated kid to popular space expert. 8 a780 bLexile 8 aR bRaz-Plus  aScientistsvNon-fiction aSolar system vNon-fiction aAstronomyvNon-fiction